| 000 | 00444nam a2200181Ia 4500 | ||
|---|---|---|---|
| 005 | 20250603150001.0 | ||
| 008 | 250603s9999 xx 000 0 und d | ||
| 020 | _a978-049937-7 | ||
| 050 | _aKP 61 .O6/ | ||
| 100 | _aOgbuinya,F.Obande | ||
| 245 | 0 | _aUlnderstanding the concept of Jurisdiction in Nigeria Legal System | |
| 260 | _aEnugu | ||
| 260 | _bSnaap press. | ||
| 260 | _c2008 | ||
| 300 | _a32 p | ||
| 650 | _aEnugu | ||
| 942 | _cBK | ||
| 999 |
_c43425 _d43425 |
||